History of education in india (Record no. 2193)

MARC details
000 -LEADER
fixed length control field 00504cam a2200205ua 4500
001 - CONTROL NUMBER
control field 2337
005 - DATE AND TIME OF LATEST TRANSACTION
control field 20260515113456.0
008 - FIXED-LENGTH DATA ELEMENTS--GENERAL INFORMATION
fixed length control field 110806n ii |||gr||||Z||||||eng
040 ## - CATALOGING SOURCE
Transcribing agency MAIN
082 ## - DEWEY DECIMAL CLASSIFICATION NUMBER
Classification number 370.54
100 ## - MAIN ENTRY--PERSONAL NAME
Personal name Bora,
Relator term Author.
245 1# - TITLE STATEMENT
Title History of education in india
Statement of responsibility, etc. by Bora
250 ## - EDITION STATEMENT
Edition statement 1st.
260 ## - PUBLICATION, DISTRIBUTION, ETC.
Place of publication, distribution, etc. calcutta:
Name of publisher, distributor, etc. Sribhumi publishing co.
300 ## - PHYSICAL DESCRIPTION
Extent 244p:
Dimensions 23cm.
653 ## - INDEX TERM--UNCONTROLLED
Uncontrolled term Education
653 ## - INDEX TERM--UNCONTROLLED
Uncontrolled term history of education in india
700 ## - ADDED ENTRY--PERSONAL NAME
Personal name Dutta,
Relator term Author.
942 ## - ADDED ENTRY ELEMENTS (KOHA)
Koha item type Books
Holdings
Withdrawn status Lost status Damaged status Not for loan Home library Current library Shelving location Date acquired Total checkouts Full call number Barcode Date last seen Copy number Price effective from Koha item type
        Naharkatiya College Library Naharkatiya College Library General stacks 09/19/2020   370.54 | BOR 11261 09/19/2020 1 09/19/2020 Books